000 00210nam a22000857a 4500
008 170620b xxu||||| |||| 00| 0 eng d
100 _93584
_aNCERT
245 _aBusiness Studies XII
260 _aNew Delhi
_bNCERT
_c2010
999 _c6970
_d6970